Normal view
MARC view
Entry Personal Name
001 - CONTROL NUMBER
- control field: 10904
003 - CONTROL NUMBER IDENTIFIER
- control field: BD-RjUL
005 - DATE AND TIME OF LATEST TRANSACTION
- control field: 20240117110512.0
008 - FIXED-LENGTH DATA ELEMENTS
- fixed length control field: 240117|| aca||aabn | a|a d
040 ## - CATALOGING SOURCE
- Original cataloging agency: BD-RjUL
- Transcribing agency: BD-RjUL
100 ## - HEADING--PERSONAL NAME
- Personal name: Humphreys, A.R
670 ## - SOURCE DATA FOUND
- Source citation: Work cat.: (BD-RjUL)19612: Fielding, Henry, 1707-1754. 60245, The history of Tom Jones /, 1962 [reprinted 1963,1967].